Research on Gang-Related Violence in the 21st Century (Record no. 16695)
[ view plain ]
| 000 -LEADER | |
|---|---|
| fixed length control field | 00965nam a2200133Ia 4500 |
| 008 - FIXED-LENGTH DATA ELEMENTS--GENERAL INFORMATION | |
| fixed length control field | 220615s9999||||xx |||||||||||||| ||und|| |
| 020 ## - INTERNATIONAL STANDARD BOOK NUMBER | |
| International Standard Book Number | 9783040000000 |
| 245 #0 - TITLE STATEMENT | |
| Title | Research on Gang-Related Violence in the 21st Century |
| 546 ## - LANGUAGE NOTE | |
| Language note | English[eng] |
| 650 ## - SUBJECT ADDED ENTRY--TOPICAL TERM | |
| Topical term or geographic name entry element | street gangs||public health||Good Lives Model||intervention||prevention||gang||violence||incident reports||police data||drug markets||gangs||opioids||overdose||spatial concentration||generalized cross-entropy||street gang violence||civil gang injunctions||conflict network||social network analysis||social networks||crisis||organized crime||homicide||retaliation||gang homicide||comparative research||ethnography||gang violence||desistance||network composition||criminal behavior||homicide types||disaggregation||latent class analysis||shootings||social media||focused deterrence||n/a |
| 700 ## - ADDED ENTRY--PERSONAL NAME | |
| Personal name | Valasik, Matthew||Reid, Shannon E. |
| 856 ## - ELECTRONIC LOCATION AND ACCESS | |
| Uniform Resource Identifier | <a href="https://mdpi.com/books/pdfview/book/3956">https://mdpi.com/books/pdfview/book/3956</a> |
| 942 ## - ADDED ENTRY ELEMENTS (KOHA) | |
| Koha item type | E-Books |
| Withdrawn status | Lost status | Damaged status | Not for loan | Home library | Current library | Date acquired | Total Checkouts | Date last seen | Price effective from | Koha item type |
|---|---|---|---|---|---|---|---|---|---|---|
| Kerala University of Digital Sciences, Innovation and Technology Knowledge Centre | Kerala University of Digital Sciences, Innovation and Technology Knowledge Centre | 15/06/2022 | 15/06/2022 | 15/06/2022 | E-Books |